banner koha

Das receitas às práticas de benzedura e cura: uma etnografia do saberes tradicionais de mulheres assentadas (Registro n. 86351)

MARC details
000 -LÍDER
fixed length control field 03279nab a2200265 4500
003 - CÓDIGO MARC DA AGÊNCIA CATALOGADORA
Campo de controle BR-BrBNA
005 - DATA E HORA DA ÚLTIMA ATUALIZAÇÃO
Campo de controle 20231003091129.0
008 - CAMPO DE TAMANHO FIXO
fixed length control field 231002b bl.||||| |||| 00| 0 por d
040 ## - FONTE DA CATALOGAÇÃO
Agência catalogadora BR-BrBNA
Idioma da catalogação por
072 ## - CATEGORIA AGRIS
Código AGRIS E51
100 ## - ENTRADA PRINCIPAL - NOME PESSOAL
Nome pessoal Gomes, Thauana Paiva de Souza
245 ## - TÍTULO PRINCIPAL
Título principal Das receitas às práticas de benzedura e cura: uma etnografia do saberes tradicionais de mulheres assentadas
500 ## - NOTA GERAL
Nota geral Summaries (En, Pt); 26 ref.
942 ## - ADDED ENTRY ELEMENTS (KOHA)
Koha item type
520 ## - NOTA DE RESUMO
Nota de conteúdo Resumo: Este trabalho é parte dos estudos desenvolvidos durante mestrado em comunidade assentada rural do Brasil. Neste trabalho, estudamos a importância do patrimônio imaterial na transformação dos espaços do assentamento em lugares, desenvolvendo um novo modo de vida carregado de memória e cultura tradicional, tendo nas mulheres um papel importantíssimo de guardiãs e transmissoras destes saberes. O objetivo deste estudo foi entender de que forma as mulheres se utilizavam destes conhecimentos no dia-a-dia, nos cuidados com a saúde, nas receitas de quitutes ou na reprodução da vida. Destacamos que todo o inventário aqui registrado deve ser pensado para que os registros, as catalogações no sentido de não transformar a cultura em aspectos ideológicos, empobrecendo as compreensões e as devidas valorizações dos sujeitos. Como resultado da pesquisa foi realizado um inventário de saberes não-oficiais descritos nos principais lugares onde são transferidos: na casa registramos receitas tradicionais e os cuidados com a saúde.
520 ## - NOTA DE RESUMO
Nota de conteúdo bstract: This study, which is part of the master's thesis, was conducted in asettled rural community in the region of Araraquara (SP). In this paper, we investigated the importance of intangible heritage with respect to the transformation of the rural settlement spaces into places, promoting the development of linkages between generations through cultural memory to learn about new ways of life, where women play crucial roles as guardians and promoters of cultural knowledge. The aim of this study was to understand their abilities to use this knowledge in every day life, in healthcare, in appetizer recipes or in the reproduction of life. We highlight that all inventory recordsr eported here should be well thought out for the preservation, cataloguing and conservation work, in order to avoid the transformation of ideological aspects of such a culture that can lead to an impoverished understanding and may influence the values of individuals. As a result of the research, an inventory of un official knowledge was carried out describing the major places where these knowledge transfers occurred: at the house, we gathered data about traditional recipes and healthcare<br/>
650 ## - ASSUNTO - THESAGRO
Cabeçalho tópico ou nome geográfico MULHER RURAL
650 ## - ASSUNTO - THESAGRO
Cabeçalho tópico ou nome geográfico ASSENTAMENTO RURAL
650 ## - ASSUNTO - THESAGRO
Cabeçalho tópico ou nome geográfico SAUDE
650 ## - ASSUNTO - THESAGRO
Cabeçalho tópico ou nome geográfico TRADIÇÃO
650 ## - ASSUNTO - THESAGRO
Cabeçalho tópico ou nome geográfico MEDICINA ALTERNATIVA
773 0# - ENTRADA ANALÍTICA
Host Biblionumber 9807
Registro do item 25564
Imprenta Araraquara, SP (Brasil) UNIARA. Nupedor 1994-
Outro identificador 2023-436129
Título Retratos de Assentamentos (Brasil)/
ISSN 1516-8182
Colação v. 14(2) 2011 p. 33-74
Número de controle de registro BR2023001901
856 ## - ACESSO E ENDEREÇO ELETRÔNICO
Identificador uniforme de recurso - URI https://retratosdeassentamentos.com/index.php/retratos/article/view/92/81

Nenhum exemplar disponível.

BINAGRI

Telefone: (61)3218-2567/2388/3357/2097 - binagri@agro.gov.br

Ministério da Agricultura e Pecuária , Esplanada dos Ministérios, Bloco D, Anexo B, Brasília/DF, CEP: 70.043-900